Stranger Things : Personnages par images - Statistiques

Statistiques générales
  • Ce quiz a été pris 165 fois
    153 depuis la dernière actualisation
  • Le résultat moyen est 41 sur 72
Statistiques - réponses
Par images Réponse % Correct
Billy Hargrove
92%
Barbara Holland
91%
Dustin Henderson
91%
Bob Newby
90%
011 (Jane Hopper)
89%
Max Mayfield
89%
Mike Wheeler
89%
Erica Sinclair
88%
Lucas Sinclair
88%
Nancy Wheeler
88%
Jim Hopper
87%
Jonathan Byers
87%
Alexei
86%
Chrissy Cunningham
86%
Eddie Munson
86%
Joyce Byers
86%
Steve Harrington
86%
Holly Wheeler
85%
Vecna
84%
Robin Buckley
83%
Will Byers
83%
Démogorgon
81%
Flagelleur mental
81%
Martin Brenner (Papa)
81%
D'Artagnan
79%
Suzie Bingham
79%
Argyle
78%
Derek Turnbow
78%
Henry Creel
78%
Karen Wheeler
77%
Murray Bauman
76%
Kali (008)
74%
Angela
73%
Vickie Dunne
67%
Ted Wheeler
65%
Enzo
62%
M. Quiproquo
60%
Scott Clarke
60%
Sam Owens
59%
Victor Creel
58%
002
55%
Dr Kay
51%
Yuri Ismaylov
51%
Jason Carver
49%
Sarah Hopper
46%
Benny Hammond
44%
Fred Benson
44%
Miaou
42%
Alice Creel
39%
Tina Turnbow
38%
Heather Holloway
37%
Terry Yves
37%
Lonnie Byers
35%
Patrick McKinney
30%
Doris Driscoll
25%
Larry Kline
24%
Claudia Henderson
23%
Tammy Thompson
23%
Troy Walsh
21%
Tom Holloway
20%
Eden Bingham
18%
Mary
17%
Susan Hargrove
15%
Jack Sullivan
14%
Virginia Creel
14%
Calvin Powell
13%
Neil Hargrove
13%
Keith
11%
Stacey Albright
11%
Mme Kelly
9%
Wayne Munson
9%
Debbie
6%
Aucun quiz correspondant
Distribution des résultats
% des personnes avec chaque résultat
Percentile par nombre de réponses
Votre historique - résultats
Vous n’avez pas pris ce quiz depuis la dernière actualisation